000 00540cam a22002171 4500
001 sa 64007563
003 DLC
005 20260227112047.0
008 890403s1963 xx 000 0 tamo
010 _asa 64007563
035 _a(OCoLC)23566371
040 _aDLC
_cMiU
_dDLC
042 _apremarc
050 0 0 _aDS485.M28
_bS28
100 1 _aSankaran, S.,
_d1926-
245 1 0 _aTamilakap periyārkaḷ.
260 _c[1963]
300 _a112 p.
_bports.
_c29 cm.
500 _aRomanized.
650 0 _aTamil (Indic people)
_vBiography.
999 _c60328
_d60328